00450nam a2200169Ia 4500008004100000020001400041040001900055041001200074082002500086100001400111245005200125260002500177300002400202650001800226700001800244850001800262131103s9999 xx 000 0 und d a861319370 aLoreto College aEnglish a170/CYRbLCBED/11905 aCyril, M. aWe are the world 9cM. Cyril; edited by M.Cyril aIndiabLongmanc1989 a65p.b pic.c 24cm. aMoral Science aCyril, M.;ed. aLCBED/170/CYR